000 01025cam a22002535a 4500
001 L159045
008 151216s2015 xxk f 000 0 eng d
035 _a(Sirsi) u159045
041 0 _aeng
110 2 _aOfcom
_96171
245 0 0 _aConnected nations 2015
_h[electonic resource]
260 _a[S.l.]
_bOfcom
_c2015
520 _aLooks at the coverage of fixed and mobile networks in the UK including factors such as coverage and speed. Highlights problems customers face in rural areas and notes the increase in 4G coverage and useage. Reports on breaches of security and network failures.
590 _aKA
650 2 4 _aBROADBAND
650 2 4 _aINTERNET
650 2 4 _aWIFI
650 2 4 _aCONNECTIVITY
651 4 _aUnited Kingdom
_y
690 _aInfrastructure
_96246
690 _aUtilities
_96272
856 4 0 _uhttps://stakeholders.ofcom.org.uk/binaries/research/infrastructure/2015/downloads/connected_nations2015.pdf
_zView the item free of charge from the www.stakeholders.ofcom.org.uk website
942 _n0
999 _c115643
_d115643